000 00544nam a22001817a 4500
005 20231206124217.0
008 231206b |||||||| |||| 00| 0 eng d
020 _a070216738 X ; 0702167452
041 _aEnglish
082 _a348 JUT
100 _lEnglish
245 _aJuta's Statutes of South Africa /
_cJUTA'S LAW STATUTES EDITORS
250 _aFourteenth Edition
260 _aCape Town :
_bJuta Law,
_c2004
300 _b415 pages ;
_c26,5 cm.
650 _aLegal practice
_bLaw
942 _cBK
_6ALISON_BN_VRIES
999 _c1147
_d1147